000 00384nam a2200157Ia 4500
008 230917s9999||||xx |||||||||||||| ||und||
040 _e131901
_aMAIN
041 _aEnglish
082 _a070.1 C279M
100 _aCasty, Alan
245 0 _aMass madia and mass man
250 _a2nd ed.
260 _aNew York
_bHalt, Rinehart and winston
_c1973
300 _a304 p.
942 _cBK
999 _c200358
_d200358